000 01621nam a22004697a 4500
001 000103034
003 CHAP
005 20220817044401.0
008 101021s2009 it a rn 00010 eng d
010 _a99497
011 _a100469
020 _a9789251062265
035 _a111155
040 _cCHAP
082 0 4 _a639.1
_bF21y
110 2 _aFAO
245 1 0 _aGuidelines to reduce sea turtle mortality in fishing operations /
_c/por Eric Gilman, Gabriella Bianchi y Claire Attwood.
260 _aRome :
_bFAO,
_c2009.
300 _avii, 128 p. :
_bilus., gráfs., tablas.
590 _aBATCH-UPD
_b05
_c20140221
_lUCH01
_h1420
590 _aBATCH-UPD
_b10
_c20130110
_lUCH01
_h1305
590 _aBATCH-UPD
_b10
_c20130410
_lUCH01
_h0821
590 _aBATCH-UPD
_b10
_c20130914
_lUCH01
_h0429
590 _aCONVERSION
_b10
_c20130109
_lUCH01
_h1355
590 _aE5995AHE
_b05
_c20140221
_lUCH01
_h1412
590 _aE5995AHE
_b05
_c20140221
_lUCH01
_h1419
590 _aE5995AHE
_b05
_c20140221
_lUCH01
_h1440
650 1 4 _aConservación de la naturaleza.
_9125419
650 1 4 _aEquipo de pesca.
_9125562
650 1 4 _aEspecies en peligro de extinción.
650 1 4 _aPesca
_xAdministración.
_987353
650 1 4 _aPesca
_xMétodos.
_987402
650 1 4 _aTortuga de mar.
_9114334
700 0 _aBianchi, Gabriella.
_912177
700 1 _aAttwood, Claire
_e, ed.
_98287
700 1 _aGilman, Eric
_948045
901 _aBK
942 _cLIBRO
942 _n0
949 _a639.1 F21y
_bBC
_cFAO
_d33724002166991
_eFAO1
_h113626
_i111155
_sb
949 _a639.1 F21y
_bBC
_cFAO
_d33724002307264
_eFAO2
_fc.2
_gDonaciØn
_h115830
_i111155
_sb
999 _c99497
_d99497